000 00960cam a22003257a 4500
003 CHAP
005 20220817043139.0
008 971013s1987 r 00010 d
010 _a66799
011 _a67771
035 _a77243
040 _cCHAP
082 _a634.986
_bF47
110 2 _aFAO
245 1 0 _aAppropriate wood harvesting in plantation forests
260 _aRome :
_bFAO,
_c1987
300 _a266 P.
_b: ilus., gráfs.
490 0 _aFAO. Montes
_v; 78
590 _aBATCH-UPD
_b10
_c20130110
_lUCH01
_h0848
590 _aBATCH-UPD
_b10
_c20130410
_lUCH01
_h0521
590 _aBATCH-UPD
_b10
_c20130914
_lUCH01
_h0718
590 _aCONVERSION
_b10
_c20130109
_lUCH01
_h1337
650 1 4 _aBosques
_xExtracción.
_914174
650 1 4 _aCaminos forestales.
_917874
650 1 4 _aMadera
_xTransporte.
_969633
830 0 _aFAO. Montes
_v; 78
_939632
901 _aBK
942 _cLIBRO
949 _a634.986 F47
_bBC
_cFAO
_d-30111
_eFAO1
_h72392
_i77243
_si
999 _c66799
_d66799